000 00333pam a2200145 a 4500
020 _c
041 _aeng
082 _bGRA
100 _aGrace, Eric.
245 _aBiotechnogy Unzipped Promises and Realitise
_hTextual Documents
250 _a1997.
260 _a[s.l]:
_bJoseph Henry Press
300 _a248 pg .
930 _a7479
999 _c84390
_d84390